Postavenie Latinskej Ameriky vo svetovom hospodárstve interkultúrna komunikácia v medzinárodných ekonomických vzťahoch

Salvato in:
Dettagli Bibliografici
Autore principale: Svobodová, Valéria
Enti autori: Ekonomická univerzita v Bratislave. Obchodná fakulta, Ústav medzinárodných programov. Centrum iberských a latinskoamerických štúdií
Altri autori: Honaizer, Marián
Natura: Libro
Lingua:slovacco
Pubblicazione: Bratislava Vydavateľstvo EKONÓM 2006
Soggetti:
Tags: Aggiungi Tag
Nessun Tag, puoi essere il primo ad aggiungerne!!

MARC

LEADER 00000nam$a2200000$$$4500
001 0051556
005 20240502071613.7
020 |a 80-225-2228-7 
041 0 |a slo 
044 |a SK 
245 1 0 |a Postavenie Latinskej Ameriky vo svetovom hospodárstve  |b interkultúrna komunikácia v medzinárodných ekonomických vzťahoch  |c Valéria Svobodová, Marián Honaizer 
264 1 |a Bratislava  |b Vydavateľstvo EKONÓM  |c 2006 
300 |a 245 s. 
610 2 0 |a hospodárstvo svetové 
610 2 0 |a Latinská Amerika 
610 2 0 |a vzťahy medzinárodné 
610 2 0 |a komunikácia 
100 1 |a Svobodová, Valéria 
700 1 |a Honaizer, Marián 
710 2 |a Ekonomická univerzita v Bratislave. Obchodná fakulta 
710 2 |a Ústav medzinárodných programov. Centrum iberských a latinskoamerických štúdií